Statistics for MLS 2024 Teams

Click here to take the quiz!

General Stats

  • This quiz has been taken 20 times
  • The average score is 23 of 29

Answer Stats

Answer% Correct
Portland Timbers
100%
Atlanta United
89%
Charlotte
89%
Inter Miami
89%
LA Galaxy
89%
Los Angeles FC
89%
Nashville
89%
New York Red Bull
89%
Cincinnati
83%
DC United
83%
Houston Dynamo
83%
Orlando
83%
Philadelphia Union
83%
Sporting Kansas City
83%
Toronto
83%
Austin
78%
Chicago Fire
78%
Montreal
78%
Seattle Sounders
78%
St Louis City
78%
Colorado Rapids
72%
Columbus Crew
72%
Dallas
72%
New England Revolution
72%
Real Salt Lake
72%
Vancouver Whitecaps
72%
Minnesota United
67%
New York City FC
67%
San Jose Earthquakes
67%

Score Distribution

Percentile by Number Answered

Percent of People with Each Score

Your Score History

You have not taken this quiz